000 01068na a2200265 4500
001 15664
003 MIRAKIL
005 20181213155110.0
008 160920b tu 000 0
035 _a15664
040 _aMilas
_btur
_cTR-AnCHP
082 _a323.09581 2011
_bA23 [2012?]
090 _a323.09581 2011 A23 [2012?]
245 _aAfganistan insan hakları raporu 2001-2011
_cİnsan Hakları ve Mazlumlar İçin Dayanışma Derneği (MAZLUMDER) ; hazırlayan Abdülkadir Şen
260 _aAnkara
_bMazlumder Genel Merkez
_c[2012?]
300 _a120 s.
_bfotğ.
_c26 sm.
500 _aAfghanistan human rights report 2001-2011
650 _aİnsan hakları
_xRaporlar
_y2011
_zAfganistan
650 _aİnsan hakları ihlali
_xRaporlar
_xYıllıklar
_y2011
_zAfganistan
650 _aHak ve özgürlükler
_xRaporlar
_xYıllıklar
_y2011
_zAfganistan
650 _aMedeni haklar
_xRaporlar
_xYıllıklar
_y2011
_zAfganistan
700 _aŞen, Abdülkadir
710 _aİnsan Hakları ve Mazlumlar İçin Dayanışma Derneği (MAZLUMDER)
942 _2ddc
_cBKS
999 _c6522
_d6522